England Women’s World Cup Squad 2023 - Statistics

General Stats
  • This quiz has been taken 69 times
  • The average score is 17 of 24
Answer Stats
Number Position Answer % Correct
1 GK Mary Earps
94%
6 DF Millie Bright
94%
2 DF Lucy Bronze
92%
23 FW Alessia Russo
90%
10 MF Ella Toone
90%
9 FW Rachel Daly
85%
13 GK Hannah Hampton
83%
4 MF Kiera Walsh
83%
11 FW Lauren Hemp
79%
8 MF Georgia Stanway
77%
5 DF Alex Greenwood
75%
18 FW Chloe Kelly
75%
Coach Sarina Wiegman
75%
21 GK Ellie Roebuck
73%
16 DF Jess Carter
73%
7 FW Lauren James
71%
15 DF Esme Morgan
63%
3 DF Niamh Charles
60%
19 FW Bethany England
56%
14 DF Lotte Wubben-Moy
56%
12 MF Jordan Nobbs
52%
20 MF Katie Zelem
48%
17 MF Laura Coombs
44%
22 FW Katie Robbinson
29%
No matching quizzes found
Score Distribution
Percent of People with Each Score
Percentile by Number Answered
Your Score History
You have not taken this quiz